<?xml version="1.0" encoding="UTF-8"?>
<record
    xmlns:xsi="http://www.w3.org/2001/XMLSchema-instance"
    xsi:schemaLocation="http://www.loc.gov/MARC21/slim http://www.loc.gov/standards/marcxml/schema/MARC21slim.xsd"
    xmlns="http://www.loc.gov/MARC21/slim">

  <leader>02065nam2a2200313   4500</leader>
  <controlfield tag="001">rc\2987319</controlfield>
  <controlfield tag="005">20260315071611.0</controlfield>
  <datafield tag="035" ind1=" " ind2=" ">
    <subfield code="a">(NLR Aleph) 007215423</subfield>
  </datafield>
  <datafield tag="090" ind1=" " ind2=" ">
    <subfield code="a">13631748</subfield>
    <subfield code="c">13631748</subfield>
  </datafield>
  <datafield tag="100" ind1=" " ind2=" ">
    <subfield code="a">20110912d1934    u  y0rusy50      ca</subfield>
  </datafield>
  <datafield tag="101" ind1="1" ind2=" ">
    <subfield code="a">rus</subfield>
    <subfield code="c">fre</subfield>
  </datafield>
  <datafield tag="102" ind1=" " ind2=" ">
    <subfield code="a">RU</subfield>
  </datafield>
  <datafield tag="105" ind1=" " ind2=" ">
    <subfield code="a">ch  z   |||||</subfield>
  </datafield>
  <datafield tag="200" ind1="1" ind2=" ">
    <subfield code="a">&#x411;&#x443;&#x432;&#x430;&#x440; &#x438; &#x41F;&#x435;&#x43A;&#x44E;&#x448;&#x435;</subfield>
    <subfield code="f">&#x41F;&#x435;&#x440;. &#x418;.&#x411;. &#x41C;&#x430;&#x43D;&#x434;&#x435;&#x43B;&#x44C;&#x448;&#x442;&#x430;&#x43C;&#x430;</subfield>
    <subfield code="a">&#x41B;&#x435;&#x43A;&#x441;&#x438;&#x43A;&#x43E;&#x43D; &#x43F;&#x440;&#x43E;&#x43F;&#x438;&#x441;&#x43D;&#x44B;&#x445; &#x438;&#x441;&#x442;&#x438;&#x43D;</subfield>
    <subfield code="f">&#x41F;&#x435;&#x440;. &#x422;. &#x418;&#x440;&#x438;&#x43D;&#x43E;&#x432;&#x43E;&#x439;</subfield>
    <subfield code="e">&#x421; 2 &#x438;&#x43B;.</subfield>
    <subfield code="g">&#x421;&#x442;&#x430;&#x442;&#x44C;&#x44F; &#x438; &#x43A;&#x43E;&#x43C;&#x43C;&#x435;&#x43D;&#x442;&#x430;&#x440;&#x438;&#x438; &#x41C;.&#x414;. &#x42D;&#x439;&#x445;&#x435;&#x43D;&#x433;&#x43E;&#x43B;&#x44C;&#x446;&#x430;</subfield>
  </datafield>
  <datafield tag="210" ind1=" " ind2=" ">
    <subfield code="a">&#x41C;&#x43E;&#x441;&#x43A;&#x432;&#x430;</subfield>
    <subfield code="a">&#x41B;&#x435;&#x43D;&#x438;&#x43D;&#x433;&#x440;&#x430;&#x434;</subfield>
    <subfield code="c">&#x413;&#x418;&#x425;&#x41B;</subfield>
    <subfield code="d">1934</subfield>
    <subfield code="e">&#x41C;&#x43E;&#x441;&#x43A;&#x432;&#x430;</subfield>
    <subfield code="g">"&#x41E;&#x431;&#x440;&#x430;&#x437;&#x446;&#x43E;&#x432;&#x430;&#x44F;" &#x442;&#x438;&#x43F;.</subfield>
  </datafield>
  <datafield tag="215" ind1=" " ind2=" ">
    <subfield code="a">425, [2] &#x441;., 2 &#x432;&#x43A;&#x43B;. &#x43B;. &#x43F;&#x43E;&#x440;&#x442;&#x440;., &#x444;&#x430;&#x43A;&#x441;.</subfield>
    <subfield code="c">&#x43F;&#x43E;&#x440;&#x442;&#x440;., &#x444;&#x430;&#x43A;&#x441;.</subfield>
    <subfield code="d">21&#xD7;14 &#x441;&#x43C;</subfield>
  </datafield>
  <datafield tag="300" ind1=" " ind2=" ">
    <subfield code="a">&#x41D;&#x430; &#x43E;&#x431;&#x43E;&#x440;&#x43E;&#x442;&#x435; &#x442;&#x438;&#x442;. &#x43B;.: "Gustave Flaubert. Bouvard et P&#xE9;cuchet. 1881. Le dectionnaire des id&#xE9;es recues"</subfield>
  </datafield>
  <datafield tag="461" ind1=" " ind2="0">
    <subfield code="1">001rc\2987313</subfield>
    <subfield code="1">2001#$a&#x421;&#x43E;&#x431;&#x440;&#x430;&#x43D;&#x438;&#x435; &#x441;&#x43E;&#x447;&#x438;&#x43D;&#x435;&#x43D;&#x438;&#x439;$f&#x413;&#x44E;&#x441;&#x442;&#x430;&#x432; &#x424;&#x43B;&#x43E;&#x431;&#x435;&#x440;$g&#x41F;&#x43E;&#x434; &#x43E;&#x431;&#x449;. &#x440;&#x435;&#x434;. &#x410;.&#x412;. &#x41B;&#x443;&#x43D;&#x430;&#x447;&#x430;&#x440;&#x441;&#x43A;&#x43E;&#x433;&#x43E; &#x438; &#x41C;.&#x414;. &#x42D;&#x439;&#x445;&#x435;&#x43D;&#x433;&#x43E;&#x43B;&#x44C;&#x446;&#x430;$v6</subfield>
    <subfield code="1">700#1$a&#x424;&#x43B;&#x43E;&#x431;&#x435;&#x440;$b&#x413;.$g&#x413;&#x443;&#x441;&#x442;&#x430;&#x432;$f1821-1880$3RU\NLR\AUTH\774757</subfield>
    <subfield code="9">7681324</subfield>
    <subfield code="a">&#x424;&#x43B;&#x43E;&#x431;&#x435;&#x440;, &#x413;. (1821-1880)</subfield>
    <subfield code="c">&#x41C;&#x43E;&#x441;&#x43A;&#x432;&#x430;</subfield>
    <subfield code="d">1933-1938</subfield>
    <subfield code="f">&#x413;&#x44E;&#x441;&#x442;&#x430;&#x432; &#x424;&#x43B;&#x43E;&#x431;&#x435;&#x440;</subfield>
    <subfield code="n">&#x413;&#x418;&#x425;&#x41B;</subfield>
    <subfield code="t">&#x421;&#x43E;&#x431;&#x440;&#x430;&#x43D;&#x438;&#x435; &#x441;&#x43E;&#x447;&#x438;&#x43D;&#x435;&#x43D;&#x438;&#x439;</subfield>
    <subfield code="v">6</subfield>
  </datafield>
  <datafield tag="464" ind1=" " ind2="0">
    <subfield code="1">2001#$a&#x421;&#x430;&#x442;&#x438;&#x440;&#x438;&#x447;&#x435;&#x441;&#x43A;&#x438;&#x439; &#x440;&#x43E;&#x43C;&#x430;&#x43D; "&#x411;&#x443;&#x432;&#x430;&#x440; &#x438; &#x41F;&#x435;&#x43A;&#x44E;&#x448;&#x435;"</subfield>
    <subfield code="1">700#1$a&#x42D;&#x439;&#x445;&#x435;&#x43D;&#x433;&#x43E;&#x43B;&#x44C;&#x446;$b&#x41C;.&#x414;.$g&#x41C;&#x430;&#x440;&#x43A; &#x414;&#x430;&#x432;&#x438;&#x434;&#x43E;&#x432;&#x438;&#x447;$f1889-1953$4070</subfield>
    <subfield code="t">&#x421;&#x430;&#x442;&#x438;&#x440;&#x438;&#x447;&#x435;&#x441;&#x43A;&#x438;&#x439; &#x440;&#x43E;&#x43C;&#x430;&#x43D; "&#x411;&#x443;&#x432;&#x430;&#x440; &#x438; &#x41F;&#x435;&#x43A;&#x44E;&#x448;&#x435;"</subfield>
    <subfield code="a">&#x42D;&#x439;&#x445;&#x435;&#x43D;&#x433;&#x43E;&#x43B;&#x44C;&#x446;, &#x41C;&#x430;&#x440;&#x43A; &#x414;&#x430;&#x432;&#x438;&#x434;&#x43E;&#x432;&#x438;&#x447; (1889-1953)</subfield>
  </datafield>
  <datafield tag="604" ind1=" " ind2=" ">
    <subfield code="1">50010$a&#x411;&#x443;&#x432;&#x430;&#x440; &#x438; &#x41F;&#x435;&#x43A;&#x44E;&#x448;&#x435;$2nlr_sh1</subfield>
    <subfield code="1">700#1$a&#x424;&#x43B;&#x43E;&#x431;&#x435;&#x440;$b&#x413;.$g&#x413;&#x443;&#x441;&#x442;&#x430;&#x432;$f1821-1880$4070</subfield>
    <subfield code="t">&#x411;&#x443;&#x432;&#x430;&#x440; &#x438; &#x41F;&#x435;&#x43A;&#x44E;&#x448;&#x435;</subfield>
    <subfield code="a">&#x424;&#x43B;&#x43E;&#x431;&#x435;&#x440;, &#x413;&#x443;&#x441;&#x442;&#x430;&#x432; (1821-1880)</subfield>
  </datafield>
  <datafield tag="702" ind1=" " ind2="1">
    <subfield code="a">&#x41C;&#x430;&#x43D;&#x434;&#x435;&#x43B;&#x44C;&#x448;&#x442;&#x430;&#x43C;</subfield>
    <subfield code="b">&#x418;.&#x411;.</subfield>
    <subfield code="4">730</subfield>
  </datafield>
  <datafield tag="702" ind1=" " ind2="1">
    <subfield code="a">&#x418;&#x440;&#x438;&#x43D;&#x43E;&#x432;&#x430;</subfield>
    <subfield code="b">&#x422;.</subfield>
    <subfield code="4">730</subfield>
  </datafield>
  <datafield tag="702" ind1=" " ind2="1">
    <subfield code="a">&#x42D;&#x439;&#x445;&#x435;&#x43D;&#x433;&#x43E;&#x43B;&#x44C;&#x446;</subfield>
    <subfield code="b">&#x41C;.&#x414;.</subfield>
    <subfield code="4">570</subfield>
  </datafield>
  <datafield tag="801" ind1=" " ind2="0">
    <subfield code="a">RU</subfield>
    <subfield code="b">NLR</subfield>
    <subfield code="g">psbo</subfield>
  </datafield>
  <datafield tag="801" ind1=" " ind2="1">
    <subfield code="a">RU</subfield>
    <subfield code="b">ELAR</subfield>
    <subfield code="2">rusmarc</subfield>
  </datafield>
  <datafield tag="852" ind1=" " ind2=" ">
    <subfield code="a">NLR</subfield>
    <subfield code="j">32-15/417(6)</subfield>
  </datafield>
  <datafield tag="942" ind1=" " ind2=" ">
    <subfield code="c">UNSPEC</subfield>
  </datafield>
  <datafield tag="980" ind1=" " ind2=" ">
    <subfield code="a">NB</subfield>
  </datafield>
</record>
